Účtovníctvo verejného sektora v kontexte medzinárodnej harmonizácie

Inštitúcie v oblasti harmonizácie účtovníctva verejného sektora. Medzinárodná federácia účtovníkov. Základné dokumenty vydávané inštitúciami v oblasti harmonizácie účtovníctva verejného sektora. Medzinárodné účtovné štandardy pre verejný sektor.

Na minha lista:
Detalhes bibliográficos
Autor principal: Kicová, Marianna
Formato: Capítulo de Livro
Idioma:eslovaco
Assuntos:
Tags: Adicionar Tag
Sem tags, seja o primeiro a adicionar uma tag!

MARC

LEADER 00000nla$a2200000$$$4500
001 0069728
005 20240502071836.7
041 0 |a slo 
044 |a SK 
245 1 0 |a Účtovníctvo verejného sektora v kontexte medzinárodnej harmonizácie  |c Marianna Kicová 
520 |a Inštitúcie v oblasti harmonizácie účtovníctva verejného sektora. Medzinárodná federácia účtovníkov. Základné dokumenty vydávané inštitúciami v oblasti harmonizácie účtovníctva verejného sektora. Medzinárodné účtovné štandardy pre verejný sektor. 
610 2 0 |a účtovníctvo 
610 2 0 |a sektor verejný 
610 2 0 |a harmonizácia 
610 2 0 |a štandardy účtovné medzinárodné 
100 1 |a Kicová, Marianna